Handbook of research on bilingual and intercultural education

Bibliographic Details
Other Authors: Gómez-Parra, María Elena, 1970- (Editor), Huertas Abril, Cristina Aránzazu, 1987- (Editor)
Format: Book
Language:English
PhysicalDescription:xxv, 550 strán, diagramy, obrázky, tabuľky 29 cm
Published: Hershey, PA IGI Global [2020]
ISBN:9781799825883
Series:Advances in educational technologies and industrial design (AETID)
Subjects:

MARC

LEADER 00000cam a2200000 4500
001 vtls012131010
003 SK-MaSNL
005 20260301055427.0
008 220413s2020 xxuda frnf 001 0deng
015 |a SNBZSA2022/10 
020 |a 9781799825883  |q (viazané) 
040 |a SNK  |b slo  |c SNK  |e rda 
041 0 |a eng 
044 |a xxu  |c US 
072 7 |a 81  |x Lingvistika. Jazyky  |2 konspekt 
080 |a 37.0:81'246.2  |2 2001 
080 |a 37.043.2  |2 2011 
080 |a 81'232  |2 2001 
080 |a (078.7)  |2 2011 
080 |a (035)  |2 2011 
080 |a (082)  |2 2011 
245 0 0 |a Handbook of research on bilingual and intercultural education  |c María Elena Gómez-Parra, Cristina Aránzazu Huertas Abril, editors 
246 3 0 |a Bilingual and intercultural education 
264 1 |a Hershey, PA  |b IGI Global  |c [2020] 
264 4 |c ©2020 
300 |a xxv, 550 strán, diagramy, obrázky, tabuľky  |c 29 cm 
336 |a text  |b txt  |2 rdacontent 
337 |a bez média  |b n  |2 rdamedia 
338 |a zväzok  |b nc  |2 rdacarrier 
490 1 |a Advances in educational technologies and industrial design (AETID) 
500 |a Obsahuje profesijné údaje o prispievateľoch, kľúčové pojmy 
504 |a Bibliografia na strane 469-539, bibliografia aj za jednotlivými kapitolami a register 
650 0 7 |a bilingválne vzdelávanie  |2 SNKPH  |9 68028 
650 0 7 |a multikultúrna výchova  |2 SNKPH  |9 69518 
650 0 7 |a jazyková akvizícia  |2 SNKPH  |9 116447 
650 0 7 |a Bilingual education  |2 SNKPHeng  |9 333178 
650 0 7 |a Multicultural education  |2 SNKPHeng  |9 93503 
650 0 7 |a Language acquisition  |2 SNKPHeng  |9 350703 
655 7 |a prípadové štúdie  |2 SNKOPH  |9 70498 
655 7 |a zborníky  |2 SNKPH  |9 70165 
655 7 |a Case studies  |2 SNKPHeng  |9 302769 
655 7 |a Papers of several authors  |2 SNKPHeng  |9 153738 
655 7 |a príručky  |2 SNKPH  |9 74364 
655 7 |a Handbooks, manuals, etc.  |2 SNKPHeng  |9 90964 
700 1 |a Gómez-Parra, María Elena,  |d 1970-  |4 edt  |9 369025 
700 1 |a Huertas Abril, Cristina Aránzazu,  |d 1987-  |4 edt  |9 369026 
830 0 |a Advances in educational technologies and industrial design (AETID)  |9 369027 
919 |a 978-1-7998-2588-3 
954 |a odborná, vedecká literatúra cudzojazyčná (svetová)  |2 lita 
954 |a odborná, vedecká literatúra pôvodná (slovenská)  |2 lita 
958 |a ZS 
958 |a NB 
999 |c 613332  |d 615262 
952 |a SNK  |b SNK  |y PREZ  |7 0  |p 17A1483307  |o snkSB 98163  |i snk2022/9038  |8 4  |g 366.73  |0 0  |1 0  |4 0  |d 2022-04-13  |f 1  |l 0  |r 2026-02-23 16:29:59  |w 2026-02-23